| 000 | 00644nam a22002177b 4500 | ||
|---|---|---|---|
| 001 | Mimo0001846795 | ||
| 003 | CO-ViMGA | ||
| 005 | 20230915225023.0 | ||
| 008 | 030422s2003 sp | ||| ||spa | ||
| 020 | _a8420655228 | ||
| 040 |
_aCO-ViMGA _bspa _cCO-ViMGA |
||
| 041 | 1 | _heng | |
| 082 | 0 | 4 |
_a865.44 _bG71v |
| 100 | 1 |
_aGrahame, Kenneth _d1859-1932 _9266 |
|
| 240 | 1 | 4 |
_aThe wind in the willows _lEspañǫl |
| 245 | 1 | 3 |
_aEl viento en los sauces _h[Texto impreso] _cKenneth Grahame ; [traduccin̤, Lourdes Huanqui] |
| 260 |
_aMadrid _bAlianza Editorial _c[2003] |
||
| 300 |
_a195 p. _c18 cm |
||
| 650 | 1 | 4 |
_aLiteratura _9351 |
| 942 |
_2ddc _cBK |
||
| 999 |
_c11975 _d11975 |
||